|
|
|
|
| LEADER |
01539nam a2200325 i 4500 |
| 001 |
c000146026 |
| 003 |
CARM |
| 005 |
00000000000000.0 |
| 008 |
780607m19779999enka b 00000 eng |
| 015 |
|
|
|a GB77-28669
|
| 019 |
1 |
|
|a 1217351
|z 12775857
|5 LACONCORD2021
|
| 035 |
|
|
|a (OCoLC)4035689
|5 LACONCORD2021
|
| 050 |
0 |
0 |
|a TA417.6
|b .M46
|
| 245 |
0 |
0 |
|a Methods and practice for stress and strain measurement.
|
| 260 |
|
|
|a [London] :
|b British Society for Strain Measurement,
|c 1977-
|
| 300 |
|
|
|a v. :
|b ill. ;
|c 25 cm.
|
| 440 |
|
0 |
|a Monograph (British Society for Strain Measurement)
|
| 500 |
|
|
|a Cover title.
|
| 504 |
|
|
|a Includes bibliographical references.
|
| 505 |
1 |
|
|a pt. 1. Measurement of strain, load, and temperature.--pt. 2. Photoelasticity.--pt. 3. Optical methods for determining strain and displacement.--pt. 4. Selection and application of experimental method.
|
| 650 |
|
0 |
|a Strains and stresses.
|
| 650 |
|
0 |
|a Materials
|x Testing.
|
| 852 |
8 |
|
|b CARM
|h A2:AB04E0
|i D00487
|p 0006459
|f BK
|
| 852 |
8 |
|
|b CARM
|h A2:AB04E0
|i D00487
|p 0006458
|f BK
|
| 852 |
8 |
|
|b CARM
|h A2:AB04E0
|i D00487
|p 0006457
|f BK
|
| 082 |
0 |
4 |
|a 620.1/123
|
| 999 |
f |
f |
|i 89e5cd12-f0f9-58e1-85c3-61ae013ade12
|s c49efd07-e273-5823-84c9-3f613383c8b0
|
| 952 |
f |
f |
|p Can circulate
|a CAVAL
|b CAVAL
|c CAVAL
|d CARM 1 Store
|e D00487
|f A2:AB04E0
|h Other scheme
|i book
|m 0006457
|
| 952 |
f |
f |
|p Can circulate
|a CAVAL
|b CAVAL
|c CAVAL
|d CARM 1 Store
|e D00487
|f A2:AB04E0
|h Other scheme
|i book
|m 0006458
|
| 952 |
f |
f |
|p Can circulate
|a CAVAL
|b CAVAL
|c CAVAL
|d CARM 1 Store
|e D00487
|f A2:AB04E0
|h Other scheme
|i book
|m 0006459
|